[Event "GER-ch Schools U18 Girls"]
[White "Nesterkin, Maria"]
[Black "Keil, Mareike"]
[Site "Germany"]
[Round "7.4"]
[Result "1-0"]
[Date "2010.05.09"]
[WhiteElo "860"]
[BlackElo "1032"]
[PlyCount "115"]
[EventDate "2010.05.07"]
[EventType "team-swiss"]
[EventRounds "7"]
[EventCountry "GER"]
[SourceTitle "EXT 2011"]
[Source "ChessBase"]
[SourceDate "2010.11.26"]
[SourceVersion "1"]
[SourceVersionDate "2010.11.26"]
[SourceQuality "1"]
[WhiteTeam "Stade Athenaeum (W)"]
[BlackTeam "Ludwigshafen (W)"]
[WhiteTeamCountry "GER"]
[BlackTeamCountry "GER"]

1. d4 d5 2. Nf3 Nf6 3. e3 Nc6 4. Bd3 e6 5. 0-0 Bd6 6. b3 0-0 7. Bb2 Qe7 8. Nbd2 e5 9. dxe5 Bxe5 10. Nxe5 Nxe5 11. Nf3 Bg4 12. Bxe5 Bxf3 13. Bxf6 Qxf6 14. Qxf3 Qxf3 15. gxf3 Rad8 16. c3 c5 17. c4 dxc4 18. Bxc4 Rd2 19. Rfd1 Rfd8 20. Rxd2 Rxd2 21. Re1 Rxa2 22. Rd1 g6 23. Rd7 b6 24. Rxf7 Kh8 25. f4 a6 26. f5 gxf5 27. Rxf5 b5 28. Bd5 Kg7 29. Kg2 Kg6 30. e4 Rd2 31. Bf7+ Kg7 32. Kg3 Rd7 33. Be6 Re7 34. Bd5 a5 35. Kg4 h6 36. h4 a4 37. bxa4 bxa4 38. Kh5 a3 39. f3 Ra7 40. Ba2 c4 41. Bxc4 a2 42. Bxa2 Rxa2 43. Kg4 Rg2+ 44. Kf4 Rh2 45. h5 Rb2 46. e5 Rb8 47. e6 Re8 48. Ke5 Re7 49. f4 Re8 50. Rf7+ Kg8 51. Kf6 Rf8 52. Rxf8+ Kxf8 53. e7+ Ke8 54. Kg7 Kxe7 55. Kxh6 Kf6 56. Kh7 Kf5 57. h6 Kxf4 58. Kg7 1-0

[Event "GER-ch Schools U18 Girls"]
[White "Zacke, Tamara"]
[Black "Keil, Mareike"]
[Site "Germany"]
[Round "3.4"]
[Result "1/2-1/2"]
[Date "2010.05.07"]
[WhiteElo "857"]
[BlackElo "1032"]
[PlyCount "45"]
[EventDate "2010.05.07"]
[EventType "team-swiss"]
[EventRounds "7"]
[EventCountry "GER"]
[SourceTitle "EXT 2011"]
[Source "ChessBase"]
[SourceDate "2010.11.26"]
[SourceVersion "1"]
[SourceVersionDate "2010.11.26"]
[SourceQuality "1"]
[WhiteTeam "Stuttgart SG (W)"]
[BlackTeam "Ludwigshafen (W)"]
[WhiteTeamCountry "GER"]
[BlackTeamCountry "GER"]

1. e4 e5 2. Nf3 Nc6 3. Bc4 Bc5 4. Nc3 Nf6 5. d3 0-0 6. Bg5 Be7 7. 0-0 Ng4 8. Bxe7 Qxe7 9. Nd5 Qd8 10. c3 d6 11. Ne3 Nxe3 12. fxe3 Be6 13. Bd5 Ne7 14. c4 Bxd5 15. exd5 c6 16. e4 Qb6+ 17. Kh1 cxd5 18. cxd5 Ng6 19. b3 f5 20. Rc1 fxe4 21. dxe4 Rf4 22. Qd3 Raf8 23. g3 1/2-1/2